| 000 | 00000nam 2200000za 4500 |
| 001 | 9.801818 |
| 003 | CaOODSP |
| 005 | 20230201095212 |
| 007 | cr ||||||||||| |
| 008 | 150407t20142014onca||||of f000 0 fre d |
| 020 | |z978-0-660-97357-9 |
| 040 | |aCaOODSP|bfre |
| 043 | |an-cn--- |
| 086 | 1 |aPS99-2/2-1-2014F-PDF|zPS99-2/2-1-2014F |
| 245 | 00|aCours canadien de sécurité dans le maniement des armes à feu |h[ressource électronique] / |cProgramme canadien des armes à feu. |
| 246 | 3 |aCours canadien de sécurité dans le maniement des armes à feu : |bmanuel de l'étudiant |
| 250 | |a5e éd. |
| 260 | |aOttawa : |bGendarmerie royale du Canada, |c©2014. |
| 300 | |a368 p. : |billustrations |
| 500 | |a« Manuel de l'étudiant-- 2014.» |
| 500 | |aPubl. aussi en anglais sous le titre : Canadian firearms safety course. |
| 650 | 6|aArmes à feu|zCanada|xSécurité|xMesures. |
| 650 | 6|aArmes à feu|xPossession|vGuides, manuels, etc. |
| 655 | 7|aGuides et manuels|2rvmgf |
| 710 | 1 |aCanada.|bProgramme canadienne des armes à feu. |
| 710 | 2 |aGendarmerie royale du Canada. |
| 775 | 08|tCanadian firearms safety course |w(CaOODSP)9.801815 |
| 856 | 40|qPDF|s12.89 Mo|uhttps://publications.gc.ca/collections/collection_2015/grc-rcmp/PS99-2-2-1-2014-fra.pdf |